| 000 | 00892nam0a2200277 i 4500 | ||
|---|---|---|---|
| 001 | RU\NLR\bibl\2038934 | ||
| 005 | 20241103111131.0 | ||
| 010 |
_a9785442300130 _96000 |
||
| 021 |
_aRU _b2013-37153 _92545 |
||
| 035 | _a(NLR Aleph) 002026270 | ||
| 090 |
_a4528612 _c4528612 |
||
| 100 | _a20130603d2013 u y0rusy50 ca | ||
| 101 | 0 | _arus | |
| 102 | _aRU | ||
| 105 | _ay ||||||||| | ||
| 200 | 1 |
_aНеразгаданные загадки истории _f[сост.: С. Пичугин] |
|
| 210 |
_aНижний Новгород _cГазетный мир _d2013 |
||
| 215 |
_a191 с. _d20 |
||
| 606 |
_aВсеобщая история _jПопулярные издания _91324332 _3RU\NLR\auth\66234889 |
||
| 686 | _aТ3(0)я9 | ||
| 702 | 1 |
_aПичугин _bС. _4220 |
|
| 801 | 0 |
_aRU _bNLR _c20130603 _gRCR |
|
| 801 | 1 |
_aRU _bNLR _c20130603 |
|
| 942 | _cBOOK | ||
| 980 | _aNBR | ||